Poznatky z teórie imidža v maloobchodnej praxi

Problematika teórie imidža. Možnosti aplikovania poznatkov z oblasti teórie imidža v konkrétnych podmienkach maloobchodnej praxe. Klasifikácia imidža: zhľadiska objektu, z hľadiska pôsobnosti a rozšírenia, z hľadiska skutočnosti a požiadaviek, z hľadiska jeho nositeľov. Porovnanie imidža dvoch preda...

ver descrição completa

Na minha lista:
Detalhes bibliográficos
Autor principal: Lieskovská, Vanda, 1961-
Formato: Capítulo de Livro
Idioma:eslovaco
Assuntos:
Tags: Adicionar Tag
Sem tags, seja o primeiro a adicionar uma tag!

MARC

LEADER 00000naa$a2200000$$$4500
001 0017618
005 20240502071404.1
041 0 |a slo 
044 |a SK 
245 1 0 |a Poznatky z teórie imidža v maloobchodnej praxi  |c aut. Vanda Lieskovská 
520 |a Problematika teórie imidža. Možnosti aplikovania poznatkov z oblasti teórie imidža v konkrétnych podmienkach maloobchodnej praxe. Klasifikácia imidža: zhľadiska objektu, z hľadiska pôsobnosti a rozšírenia, z hľadiska skutočnosti a požiadaviek, z hľadiska jeho nositeľov. Porovnanie imidža dvoch predajní rovnakej maloobchodnej firmy. 
610 2 0 |a imidž 
610 2 0 |a maloobchod 
610 2 0 |a teórie ekonomické 
610 2 0 |a metódy štatistické 
610 2 0 |a porovnanie medzipodnikové 
610 2 0 |a podnik 
610 2 0 |a analýza klasifikačná 
610 2 0 |a pojmy 
100 1 |a Lieskovská, Vanda, 1961-